[Event "Girls U12 Polish Youth Championship"]
[Site "chess24.com"]
[Date "2018.05.03"]
[Round "7"]
[White "Wiecek, Karolina"]
[Black "Maslewska, Anna"]
[Result "1-0"]
[Board "19"]
[WhiteElo "1221"]
[WhiteCountry "POL"]
[WhiteFideId "1198440"]
[WhiteEloChange "7"]
[BlackElo "1124"]
[BlackCountry "POL"]
[BlackFideId "21839581"]
[BlackEloChange "-7"]

1. e4 {[%clk 1:30:52]} e5 {[%clk 1:30:48]} 2. Nf3 {[%clk 1:31:15]} Nc6 {[%clk
1:30:57]} 3. d4 {[%clk 1:31:12]} exd4 {[%clk 1:30:56]} 4. Bc4 {[%clk 1:31:34]}
Nf6 {[%clk 1:30:17]} 5. Ng5 {[%clk 1:31:42]} d5 {[%clk 1:28:01]} 6. exd5 {[%clk
1:31:43]} Qe7+ {[%clk 1:24:25]} 7. Kf1 {[%clk 1:31:42]} Ne5 {[%clk 1:17:38]} 8.
Qxd4 {[%clk 1:30:28]} Nxc4 {[%clk 1:17:09]} 9. Qxc4 {[%clk 1:30:10]} Qc5 {[%clk
1:12:53]} 10. Qxc5 {[%clk 1:30:09]} Bxc5 {[%clk 1:13:18]} 11. c4 {[%clk 1:30:02]}
O-O {[%clk 1:13:05]} 12. Bf4 {[%clk 1:29:22]} Bb6 {[%clk 1:12:16]} 13. Nd2 {[%clk
1:28:20]} Re8 {[%clk 1:11:52]} 14. Ngf3 {[%clk 1:09:03]} Bf5 {[%clk 1:10:55]} 15.
Be5 {[%clk 1:00:31]} Nd7 {[%clk 1:09:07]} 16. Bd4 {[%clk 0:54:48]} Re7 {[%clk
1:04:41]} 17. Bxb6 {[%clk 0:48:38]} Nxb6 {[%clk 1:04:49]} 18. b3 {[%clk 0:45:56]}
Nd7 {[%clk 1:03:54]} 19. Re1 {[%clk 0:43:34]} Rae8 {[%clk 1:03:47]} 20. Rxe7
{[%clk 0:42:42]} Rxe7 {[%clk 1:04:08]} 21. Kg1 {[%clk 0:42:55]} Ne5 {[%clk
1:03:55]} 22. Nd4 {[%clk 0:38:15]} Bd3 {[%clk 1:02:25]} 23. h3 {[%clk 0:36:16]}
a6 {[%clk 0:58:38]} 24. a4 {[%clk 0:35:45]} Nd7 {[%clk 0:58:16]} 25. Kh2 {[%clk
0:35:09]} Nf6 {[%clk 0:57:13]} 26. N2f3 {[%clk 0:31:02]} Kf8 {[%clk 0:56:24]} 27.
Re1 {[%clk 0:30:42]} Rxe1 {[%clk 0:56:34]} 28. Nxe1 {[%clk 0:31:07]} Ne4 {[%clk
0:56:46]} 29. Nxd3 {[%clk 0:30:56]} 1-0

[Event "Girls U12 Polish Youth Championship"]
[Site "chess24.com"]
[Date "2018.05.03"]
[Round "7"]
[White "Skolska, Emilia"]
[Black "Kuczynska, Katarzyna"]
[Result "0-1"]
[Board "20"]
[WhiteElo "1211"]
[WhiteCountry "POL"]
[WhiteFideId "21883645"]
[WhiteEloChange "-12"]
[BlackElo "1131"]
[BlackCountry "POL"]
[BlackFideId "21806390"]
[BlackEloChange "12"]

1. e4 {[%clk 1:30:30]} c5 {[%clk 1:30:51]} 2. Nf3 {[%clk 1:31:23]} d6 {[%clk
1:31:12]} 3. d4 {[%clk 1:31:46]} cxd4 {[%clk 1:31:38]} 4. Nxd4 {[%clk 1:32:08]}
Nf6 {[%clk 1:32:04]} 5. Bd3 {[%clk 1:32:03]} e6 {[%clk 1:31:32]} 6. Bg5 {[%clk
1:32:20]} Be7 {[%clk 1:31:40]} 7. c4 {[%clk 1:32:14]} Nbd7 {[%clk 1:31:06]} 8.
Nc3 {[%clk 1:32:22]} Nc5 {[%clk 1:30:07]} 9. f3 {[%clk 1:30:27]} Nxd3+ {[%clk
1:27:14]} 10. Qxd3 {[%clk 1:30:46]} b6 {[%clk 1:24:05]} 11. O-O {[%clk 1:29:24]}
Bb7 {[%clk 1:23:25]} 12. b3 {[%clk 1:28:23]} O-O {[%clk 1:23:23]} 13. Rad1 {[%clk
1:27:13]} a6 {[%clk 1:20:58]} 14. Qe2 {[%clk 1:24:13]} Qc7 {[%clk 1:18:48]} 15.
Qf2 {[%clk 1:21:03]} b5 {[%clk 1:17:07]} 16. Rc1 {[%clk 1:19:23]} bxc4 {[%clk
1:14:02]} 17. bxc4 {[%clk 1:18:51]} Rab8 {[%clk 1:12:09]} 18. Be3 {[%clk
1:14:54]} Ba8 {[%clk 1:09:41]} 19. Kh1 {[%clk 1:14:38]} Rb4 {[%clk 1:09:20]} 20.
g4 {[%clk 1:11:40]} Rxc4 {[%clk 1:09:16]} 21. Nce2 {[%clk 1:10:46]} d5 {[%clk
1:07:15]} 22. e5 {[%clk 1:08:37]} Nd7 {[%clk 1:06:23]} 23. f4 {[%clk 1:08:35]}
Nc5 {[%clk 1:05:58]} 24. Qg3 {[%clk 1:06:34]} Ne4 {[%clk 1:03:48]} 25. Qg2 {[%clk
1:05:02]} Ba3 {[%clk 1:01:48]} 26. Rcd1 {[%clk 1:03:53]} Rb8 {[%clk 0:58:05]} 27.
h4 {[%clk 1:02:45]} Rb2 {[%clk 0:53:57]} 28. Rb1 {[%clk 1:01:58]} Bb7 {[%clk
0:48:45]} 29. Qf3 {[%clk 0:57:59]} Rxa2 {[%clk 0:48:24]} 30. Ng3 {[%clk 0:57:15]}
Rb2 {[%clk 0:39:44]} 31. Rbc1 {[%clk 0:46:28]} Rbb4 {[%clk 0:35:30]} 32. Rcd1
{[%clk 0:41:28]} Nxg3+ {[%clk 0:30:54]} 33. Qxg3 {[%clk 0:39:27]} Bb2 {[%clk
0:29:32]} 34. Nf3 {[%clk 0:35:53]} d4 {[%clk 0:28:18]} 35. Bd2 {[%clk 0:34:33]}
Bc3 {[%clk 0:27:11]} 36. Bxc3 {[%clk 0:32:25]} Rxc3 {[%clk 0:25:12]} 37. f5
{[%clk 0:31:54]} Bxf3+ {[%clk 0:21:33]} 38. Rxf3 {[%clk 0:32:02]} Qc6 {[%clk
0:19:13]} 39. Rf1 {[%clk 0:32:22]} Rbb3 {[%clk 0:18:14]} 40. Kg2 {[%clk 0:32:42]}
Rxf3 {[%clk 0:18:26]} 41. Rxf3 {[%clk 0:33:02]} Rxf3 {[%clk 0:18:52]} 42. Qxf3
{[%clk 0:33:23]} Qxf3+ {[%clk 0:19:11]} 43. Kxf3 {[%clk 0:33:46]} exf5 {[%clk
0:19:35]} 44. gxf5 {[%clk 0:34:02]} a5 {[%clk 0:19:59]} 45. Ke4 {[%clk 0:34:04]}
g6 {[%clk 0:19:32]} 46. f6 {[%clk 0:34:21]} Kf8 {[%clk 0:19:51]} 47. Kxd4 {[%clk
0:34:40]} Ke8 {[%clk 0:20:08]} 48. Kc5 {[%clk 0:35:01]} Kd7 {[%clk 0:20:19]} 49.
Kb5 {[%clk 0:35:25]} Ke6 {[%clk 0:20:43]} 0-1

[Event "Girls U12 Polish Youth Championship"]
[Site "chess24.com"]
[Date "2018.05.03"]
[Round "7"]
[White "Bukala, Weronika"]
[Black "Golinska, Patrycja"]
[Result "1-0"]
[Board "21"]
[WhiteElo "1255"]
[WhiteCountry "POL"]
[WhiteFideId "21859515"]
[WhiteEloChange "5"]
[BlackElo "1056"]
[BlackCountry "POL"]
[BlackFideId "21836744"]
[BlackEloChange "-5"]

1. e4 {[%clk 1:30:40]} e5 {[%clk 1:30:53]} 2. Nf3 {[%clk 1:30:41]} Nc6 {[%clk
1:31:04]} 3. Bb5 {[%clk 1:30:30]} Nf6 {[%clk 1:31:02]} 4. Bxc6 {[%clk 1:29:46]}
dxc6 {[%clk 1:31:22]} 5. d3 {[%clk 1:28:46]} Bg4 {[%clk 1:30:26]} 6. O-O {[%clk
1:27:51]} h6 {[%clk 1:30:37]} 7. Nbd2 {[%clk 1:27:13]} Bc5 {[%clk 1:27:10]} 8.
Nb3 {[%clk 1:24:50]} Bb6 {[%clk 1:26:18]} 9. h3 {[%clk 1:22:11]} Bh5 {[%clk
1:25:54]} 10. g4 {[%clk 1:18:35]} Bxg4 {[%clk 1:24:39]} 11. hxg4 {[%clk 1:18:09]}
Nxg4 {[%clk 1:24:29]} 12. c4 {[%clk 1:14:35]} a6 {[%clk 1:17:30]} 13. c5 {[%clk
1:10:58]} Ba7 {[%clk 1:16:36]} 14. Nh2 {[%clk 1:09:36]} Nxh2 {[%clk 1:11:33]} 15.
Kxh2 {[%clk 1:05:58]} Qh4+ {[%clk 1:08:34]} 16. Kg2 {[%clk 1:04:00]} O-O {[%clk
1:04:01]} 17. Rh1 {[%clk 0:59:33]} Qf6 {[%clk 1:03:53]} 18. Qf3 {[%clk 0:50:59]}
Qg6+ {[%clk 1:03:09]} 19. Qg3 {[%clk 0:48:03]} Qxg3+ {[%clk 1:01:48]} 20. Kxg3
{[%clk 0:47:17]} f5 {[%clk 1:00:51]} 21. exf5 {[%clk 0:37:24]} Rxf5 {[%clk
1:00:42]} 22. Be3 {[%clk 0:35:36]} Raf8 {[%clk 0:59:45]} 23. Rh4 {[%clk 0:32:03]}
b6 {[%clk 0:57:40]} 24. Rc1 {[%clk 0:30:28]} Rd8 {[%clk 0:52:45]} 25. d4 {[%clk
0:25:38]} exd4 {[%clk 0:52:16]} 26. Rxd4 {[%clk 0:25:17]} Rdf8 {[%clk 0:50:32]}
27. Rf4 {[%clk 0:22:35]} Rxf4 {[%clk 0:49:01]} 28. Bxf4 {[%clk 0:22:57]} bxc5
{[%clk 0:48:05]} 29. Nxc5 {[%clk 0:21:56]} Bb6 {[%clk 0:42:25]} 30. Ne6 {[%clk
0:19:47]} Rf6 {[%clk 0:40:38]} 31. Nc5 {[%clk 0:13:32]} g5 {[%clk 0:37:42]} 32.
Be3 {[%clk 0:12:19]} a5 {[%clk 0:36:16]} 33. Nd7 {[%clk 0:11:06]} Rd6 {[%clk
0:34:51]} 34. Nxb6 {[%clk 0:05:57]} cxb6 {[%clk 0:33:23]} 35. Bxb6 {[%clk
0:04:31]} a4 {[%clk 0:33:02]} 36. Be3 {[%clk 0:04:28]} Kf7 {[%clk 0:32:40]} 37.
Rc4 {[%clk 0:04:46]} Ke6 {[%clk 0:32:30]} 38. Rxa4 {[%clk 0:04:39]} Kd5 {[%clk
0:31:59]} 39. Rd4+ {[%clk 0:04:26]} Ke5 {[%clk 0:32:08]} 40. Rxd6 {[%clk
0:04:47]} Kxd6 {[%clk 0:32:30]} 41. Kg4 {[%clk 0:04:39]} Ke5 {[%clk 0:32:18]} 42.
a4 {[%clk 0:04:47]} Kd6 {[%clk 0:32:35]} 43. Kh5 {[%clk 0:05:03]} Ke6 {[%clk
0:32:50]} 44. a5 {[%clk 0:05:15]} Kd7 {[%clk 0:33:03]} 45. Kxh6 {[%clk 0:05:36]}
g4 {[%clk 0:33:17]} 46. Kg5 {[%clk 0:05:47]} Kc7 {[%clk 0:33:36]} 47. Kxg4 {[%clk
0:06:08]} Kb7 {[%clk 0:34:01]} 48. f4 {[%clk 0:06:29]} Ka6 {[%clk 0:34:27]} 49.
f5 {[%clk 0:06:45]} Kxa5 {[%clk 0:34:46]} 50. f6 {[%clk 0:07:08]} Kb4 {[%clk
0:35:11]} 51. f7 {[%clk 0:07:27]} c5 {[%clk 0:35:36]} 52. f8Q {[%clk 0:07:28]}
Kb3 {[%clk 0:35:59]} 53. Qxc5 {[%clk 0:07:32]} Kxb2 {[%clk 0:36:15]} 54. Bd4+
{[%clk 0:07:45]} Kb1 {[%clk 0:36:34]} 55. Qc3 {[%clk 0:07:58]} Ka2 {[%clk
0:36:55]} 56. Qb2# {[%clk 0:08:22]} 1-0

[Event "Girls U12 Polish Youth Championship"]
[Site "chess24.com"]
[Date "2018.05.03"]
[Round "7"]
[White "Olszewska, Wiktoria"]
[Black "Brelinska, Matylda"]
[Result "1-0"]
[Board "22"]
[WhiteElo "1117"]
[WhiteCountry "POL"]
[WhiteFideId "21836485"]
[WhiteEloChange "8"]
[BlackElo "1051"]
[BlackCountry "POL"]
[BlackFideId "21861072"]
[BlackEloChange "-8"]

1. e4 {[%clk 1:30:57]} e5 {[%clk 1:30:58]} 2. Nf3 {[%clk 1:31:16]} Nc6 {[%clk
1:31:24]} 3. Bb5 {[%clk 1:31:26]} a6 {[%clk 1:31:46]} 4. Ba4 {[%clk 1:31:24]} Nf6
{[%clk 1:32:08]} 5. O-O {[%clk 1:31:18]} b5 {[%clk 1:32:34]} 6. Bb3 {[%clk
1:31:29]} Be7 {[%clk 1:32:51]} 7. Re1 {[%clk 1:31:30]} O-O {[%clk 1:33:13]} 8. h3
{[%clk 1:31:07]} d6 {[%clk 1:33:28]} 9. c3 {[%clk 1:31:16]} Nb8 {[%clk 1:33:48]}
10. d4 {[%clk 1:31:29]} Nbd7 {[%clk 1:34:05]} 11. Nbd2 {[%clk 1:31:20]} Bb7
{[%clk 1:34:24]} 12. Bc2 {[%clk 1:30:29]} Re8 {[%clk 1:34:22]} 13. Nf1 {[%clk
1:30:28]} Bf8 {[%clk 1:34:31]} 14. Ng3 {[%clk 1:30:44]} g6 {[%clk 1:34:58]} 15.
Bg5 {[%clk 1:30:18]} c5 {[%clk 1:34:56]} 16. d5 {[%clk 1:25:07]} c4 {[%clk
1:35:14]} 17. a4 {[%clk 1:23:22]} Qe7 {[%clk 1:34:35]} 18. Nh2 {[%clk 1:18:22]}
Nb6 {[%clk 1:29:37]} 19. Ng4 {[%clk 1:16:42]} Bg7 {[%clk 1:29:38]} 20. Qf3 {[%clk
1:14:25]} Nbd7 {[%clk 1:29:33]} 21. h4 {[%clk 1:12:53]} h5 {[%clk 1:29:22]} 22.
Nh2 {[%clk 1:08:24]} Nb6 {[%clk 1:25:36]} 23. a5 {[%clk 1:05:07]} Nbd7 {[%clk
1:24:40]} 24. Ne2 {[%clk 1:05:05]} Qd8 {[%clk 1:23:50]} 25. g4 {[%clk 1:02:41]}
Qc8 {[%clk 1:23:19]} 26. Ng3 {[%clk 1:01:03]} Qd8 {[%clk 1:21:57]} 27. gxh5
{[%clk 0:59:57]} Kh7 {[%clk 1:21:40]} 28. Ng4 {[%clk 0:57:31]} Rf8 {[%clk
1:19:36]} 29. h6 {[%clk 0:51:50]} Bh8 {[%clk 1:19:34]} 30. Nh5 {[%clk 0:50:54]}
Rg8 {[%clk 1:16:25]} 31. Nhxf6+ {[%clk 0:48:41]} Nxf6 {[%clk 1:16:14]} 32. Bxf6
{[%clk 0:48:19]} Qd7 {[%clk 1:16:10]} 33. Bxh8 {[%clk 0:47:29]} Kxh8 {[%clk
1:16:03]} 34. Nf6 {[%clk 0:43:34]} Qe7 {[%clk 1:15:06]} 35. Nxg8 {[%clk 0:43:11]}
Rxg8 {[%clk 1:15:29]} 36. Qg4 {[%clk 0:40:22]} f5 {[%clk 1:14:08]} 37. Qg5 {[%clk
0:40:01]} Qf7 {[%clk 1:13:54]} 38. f3 {[%clk 0:36:38]} fxe4 {[%clk 1:13:35]} 39.
fxe4 {[%clk 0:36:33]} Qf3 {[%clk 1:13:31]} 40. Rf1 {[%clk 0:35:32]} Qh5 {[%clk
1:13:20]} 41. Rf7 {[%clk 0:34:59]} Qe2 {[%clk 1:13:23]} 42. Qf6+ {[%clk 0:35:17]}
Rg7 {[%clk 1:13:37]} 43. Qxg7# {[%clk 0:35:41]} 1-0

[Event "Girls U12 Polish Youth Championship"]
[Site "chess24.com"]
[Date "2018.05.03"]
[Round "7"]
[White "Sivickis, Kornelia"]
[Black "Karys, Katarzyna"]
[Result "1-0"]
[Board "23"]
[WhiteElo "1026"]
[WhiteCountry "POL"]
[WhiteFideId "21836531"]
[WhiteEloChange "12"]
[BlackElo "1084"]
[BlackCountry "POL"]
[BlackFideId "21834253"]
[BlackEloChange "-12"]

1. e4 {[%clk 1:30:59]} e5 {[%clk 1:30:53]} 2. Nf3 {[%clk 1:31:23]} Nc6 {[%clk
1:31:18]} 3. d4 {[%clk 1:31:42]} exd4 {[%clk 1:31:59]} 4. Nxd4 {[%clk 1:32:04]}
Bc5 {[%clk 1:32:19]} 5. Be3 {[%clk 1:32:19]} Qf6 {[%clk 1:32:19]} 6. c3 {[%clk
1:32:38]} Nge7 {[%clk 1:32:40]} 7. Qd2 {[%clk 1:32:58]} Bb6 {[%clk 1:32:40]} 8.
Be2 {[%clk 1:32:58]} d6 {[%clk 1:32:50]} 9. Nb5 {[%clk 1:14:37]} O-O {[%clk
1:28:24]} 10. O-O {[%clk 1:14:55]} Qg6 {[%clk 1:26:00]} 11. Bf3 {[%clk 1:10:19]}
Ne5 {[%clk 1:25:13]} 12. Qe2 {[%clk 1:08:10]} Be6 {[%clk 1:24:48]} 13. Nd2 {[%clk
1:07:27]} d5 {[%clk 1:20:20]} 14. a4 {[%clk 1:03:53]} dxe4 {[%clk 1:18:48]} 15.
Bxe4 {[%clk 1:02:22]} f5 {[%clk 1:18:03]} 16. Bxb7 {[%clk 0:59:38]} Rab8 {[%clk
1:17:20]} 17. Bf3 {[%clk 0:59:29]} c6 {[%clk 1:16:40]} 18. Nxa7 {[%clk 0:53:36]}
Bxa7 {[%clk 1:16:44]} 19. Bxa7 {[%clk 0:53:55]} Rxb2 {[%clk 1:16:56]} 20. Qxe5
{[%clk 0:48:53]} Rxd2 {[%clk 1:16:42]} 21. Rfe1 {[%clk 0:45:54]} Rf6 {[%clk
1:13:20]} 22. Re2 {[%clk 0:44:55]} Rxe2 {[%clk 1:12:45]} 23. Qxe2 {[%clk
0:45:05]} Nd5 {[%clk 1:09:50]} 24. Bxd5 {[%clk 0:43:34]} Bxd5 {[%clk 1:10:03]}
25. f3 {[%clk 0:43:52]} Re6 {[%clk 1:09:01]} 26. Qf2 {[%clk 0:39:59]} Bc4 {[%clk
1:08:33]} 27. Re1 {[%clk 0:37:28]} Rd6 {[%clk 1:05:53]} 28. a5 {[%clk 0:34:52]}
f4 {[%clk 1:05:10]} 29. Bc5 {[%clk 0:33:00]} Rd3 {[%clk 1:04:46]} 30. Bd4 {[%clk
0:31:34]} c5 {[%clk 1:04:12]} 31. Bxc5 {[%clk 0:26:30]} Rxc3 {[%clk 1:04:25]} 32.
Qb2 {[%clk 0:25:26]} Rb3 {[%clk 1:04:04]} 33. Qd4 {[%clk 0:22:05]} Rb1 {[%clk
1:03:10]} 34. Qd8+ {[%clk 0:22:21]} Kf7 {[%clk 1:03:27]} 35. Qf8# {[%clk
0:22:21]} 1-0

[Event "Girls U12 Polish Youth Championship"]
[Site "chess24.com"]
[Date "2018.05.03"]
[Round "7"]
[White "Walendykiewicz, Martyna"]
[Black "Romejko, Jagoda"]
[Result "1-0"]
[Board "24"]
[WhiteElo "1071"]
[WhiteCountry "POL"]
[WhiteFideId "21832927"]
[WhiteEloChange "10"]
[BlackElo "1083"]
[BlackCountry "POL"]
[BlackFideId "21836523"]
[BlackEloChange "-10"]

1. e4 {[%clk 1:30:58]} d5 {[%clk 1:30:48]} 2. exd5 {[%clk 1:31:22]} Qxd5 {[%clk
1:31:08]} 3. Nc3 {[%clk 1:31:47]} Qd6 {[%clk 1:31:24]} 4. d4 {[%clk 1:31:57]} Nf6
{[%clk 1:30:14]} 5. Nf3 {[%clk 1:32:15]} c6 {[%clk 1:30:30]} 6. Be2 {[%clk
1:32:20]} Bf5 {[%clk 1:29:05]} 7. Be3 {[%clk 1:29:00]} e6 {[%clk 1:25:51]} 8. h3
{[%clk 1:27:34]} Be7 {[%clk 1:24:21]} 9. Qd2 {[%clk 1:26:46]} O-O {[%clk
1:22:47]} 10. O-O {[%clk 1:25:31]} Na6 {[%clk 1:12:11]} 11. a3 {[%clk 1:24:59]}
Nc7 {[%clk 1:11:34]} 12. Bf4 {[%clk 1:24:47]} Qd8 {[%clk 1:10:41]} 13. Bxc7
{[%clk 1:23:55]} Qxc7 {[%clk 1:10:48]} 14. Rfe1 {[%clk 1:22:49]} Rad8 {[%clk
1:10:26]} 15. Rad1 {[%clk 1:21:52]} Bd6 {[%clk 1:10:03]} 16. Qc1 {[%clk 1:20:28]}
Rfe8 {[%clk 1:08:02]} 17. Bc4 {[%clk 1:19:12]} Bf4 {[%clk 1:00:22]} 18. Qb1
{[%clk 1:14:30]} Nd5 {[%clk 0:48:59]} 19. Nxd5 {[%clk 0:48:23]} exd5 {[%clk
0:47:17]} 20. Bd3 {[%clk 0:46:26]} Bxd3 {[%clk 0:37:38]} 21. Rxd3 {[%clk
0:46:38]} h6 {[%clk 0:36:55]} 22. Rdd1 {[%clk 0:44:37]} Qd6 {[%clk 0:33:38]} 23.
c3 {[%clk 0:43:50]} Re6 {[%clk 0:30:24]} 24. Rxe6 {[%clk 0:43:19]} Qxe6 {[%clk
0:30:29]} 25. Re1 {[%clk 0:43:06]} Qd7 {[%clk 0:29:34]} 26. Kf1 {[%clk 0:39:17]}
Re8 {[%clk 0:24:37]} 27. Rxe8+ {[%clk 0:37:51]} Qxe8 {[%clk 0:25:04]} 28. g3
{[%clk 0:37:50]} Bd6 {[%clk 0:22:34]} 29. Qc2 {[%clk 0:34:55]} Qe4 {[%clk
0:18:02]} 30. Qxe4 {[%clk 0:34:09]} dxe4 {[%clk 0:18:29]} 31. Nd2 {[%clk
0:34:28]} f5 {[%clk 0:18:46]} 32. Nc4 {[%clk 0:33:54]} Bc7 {[%clk 0:18:28]} 33.
Ke2 {[%clk 0:33:51]} Kf7 {[%clk 0:18:10]} 34. Ke3 {[%clk 0:30:45]} Ke6 {[%clk
0:18:22]} 35. g4 {[%clk 0:26:51]} g6 {[%clk 0:17:52]} 36. Nd2 {[%clk 0:16:42]}
Kd5 {[%clk 0:16:47]} 37. c4+ {[%clk 0:15:38]} Ke6 {[%clk 0:16:41]} 38. Nb3 {[%clk
0:15:07]} b6 {[%clk 0:15:19]} 39. Nd2 {[%clk 0:14:36]} g5 {[%clk 0:13:52]} 40.
gxf5+ {[%clk 0:12:11]} Kxf5 {[%clk 0:14:17]} 41. Nxe4 {[%clk 0:12:02]} Bf4+
{[%clk 0:14:16]} 42. Kf3 {[%clk 0:12:05]} Bc1 {[%clk 0:14:28]} 43. Ng3+ {[%clk
0:12:10]} Ke6 {[%clk 0:14:07]} 44. Ke4 {[%clk 0:12:16]} Bxb2 {[%clk 0:14:04]} 45.
a4 {[%clk 0:11:22]} Bc3 {[%clk 0:13:34]} 46. Nf5 {[%clk 0:10:45]} Be1 {[%clk
0:12:22]} 47. f3 {[%clk 0:10:16]} h5 {[%clk 0:12:23]} 48. Ng7+ {[%clk 0:10:26]}
Kd6 {[%clk 0:12:31]} 49. Nxh5 {[%clk 0:10:23]} Bh4 {[%clk 0:12:40]} 50. Ng7
{[%clk 0:09:48]} Be1 {[%clk 0:12:53]} 51. f4 {[%clk 0:09:57]} gxf4 {[%clk
0:13:38]} 52. Kxf4 {[%clk 0:10:22]} Bd2+ {[%clk 0:13:53]} 53. Ke4 {[%clk
0:10:26]} Be1 {[%clk 0:14:07]} 54. Nf5+ {[%clk 0:10:38]} Ke6 {[%clk 0:14:29]} 55.
h4 {[%clk 0:09:40]} Bxh4 {[%clk 0:14:04]} 56. Nxh4 {[%clk 0:10:07]} a6 {[%clk
0:14:28]} 57. d5+ {[%clk 0:09:26]} cxd5+ {[%clk 0:14:56]} 58. cxd5+ {[%clk
0:09:50]} Kd6 {[%clk 0:15:24]} 59. Nf5+ {[%clk 0:10:14]} Kd7 {[%clk 0:15:46]} 60.
Kd4 {[%clk 0:10:16]} Kc7 {[%clk 0:16:02]} 61. Kc4 {[%clk 0:10:20]} Kd7 {[%clk
0:16:25]} 62. Kd4 {[%clk 0:08:33]} Kc7 {[%clk 0:16:45]} 63. Ke5 {[%clk 0:08:25]}
Kd7 {[%clk 0:17:06]} 64. Nd4 {[%clk 0:08:44]} Ke7 {[%clk 0:17:26]} 65. Nc6+
{[%clk 0:08:58]} Kd7 {[%clk 0:17:53]} 66. Nb8+ {[%clk 0:09:22]} Ke7 {[%clk
0:18:17]} 67. Nxa6 {[%clk 0:09:44]} Kd7 {[%clk 0:18:44]} 68. Nb8+ {[%clk
0:09:50]} Ke7 {[%clk 0:19:07]} 69. d6+ {[%clk 0:11:08]} Kd8 {[%clk 0:19:27]} 70.
Ke6 {[%clk 0:11:28]} Ke8 {[%clk 0:19:52]} 71. d7+ {[%clk 0:11:47]} Kd8 {[%clk
0:20:17]} 72. Nc6+ {[%clk 0:12:12]} Kc7 {[%clk 0:20:42]} 73. d8Q+ {[%clk
0:12:37]} Kxc6 {[%clk 0:21:03]} 74. Qd6+ {[%clk 0:13:03]} Kb7 {[%clk 0:21:27]}
75. Kd7 {[%clk 0:12:51]} Ka6 {[%clk 0:21:32]} 76. Kc7 {[%clk 0:12:45]} Ka5 {[%clk
0:21:49]} 77. Qxb6+ {[%clk 0:13:10]} Kxa4 {[%clk 0:22:14]} 78. Kc6 {[%clk
0:13:36]} Ka3 {[%clk 0:22:37]} 79. Qb5 {[%clk 0:13:48]} Ka2 {[%clk 0:23:00]} 80.
Qb4 {[%clk 0:14:05]} Ka1 {[%clk 0:23:27]} 81. Kc5 {[%clk 0:14:30]} Ka2 {[%clk
0:23:50]} 82. Kc4 {[%clk 0:14:56]} Ka1 {[%clk 0:24:15]} 83. Kc3 {[%clk 0:15:21]}
Ka2 {[%clk 0:24:43]} 84. Qb2# {[%clk 0:15:37]} 1-0

[Event "Girls U12 Polish Youth Championship"]
[Site "chess24.com"]
[Date "2018.05.03"]
[Round "7"]
[White "Kandula, Jasmina"]
[Black "Wieczorek, Julia"]
[Result "1/2-1/2"]
[Board "25"]
[WhiteElo "1143"]
[WhiteCountry "POL"]
[WhiteFideId "21844330"]
[WhiteEloChange "-2"]
[BlackElo "1086"]
[BlackCountry "POL"]
[BlackFideId "21853363"]
[BlackEloChange "2"]

1. e4 {[%clk 1:30:57]} c5 {[%clk 1:30:52]} 2. Nf3 {[%clk 1:31:00]} g6 {[%clk
1:31:06]} 3. c3 {[%clk 1:31:20]} d5 {[%clk 1:17:31]} 4. e5 {[%clk 1:30:32]} Nc6
{[%clk 1:15:07]} 5. d4 {[%clk 1:29:15]} cxd4 {[%clk 1:14:28]} 6. cxd4 {[%clk
1:29:43]} Bg4 {[%clk 1:11:44]} 7. Bb5 {[%clk 1:26:53]} Bg7 {[%clk 1:06:56]} 8. h3
{[%clk 1:26:39]} Bxf3 {[%clk 1:05:53]} 9. Qxf3 {[%clk 1:26:58]} a6 {[%clk
1:05:59]} 10. Bxc6+ {[%clk 1:25:24]} bxc6 {[%clk 1:06:16]} 11. O-O {[%clk
1:24:52]} e6 {[%clk 1:03:08]} 12. Be3 {[%clk 1:18:19]} c5 {[%clk 0:59:32]} 13.
Qe2 {[%clk 1:12:45]} cxd4 {[%clk 0:58:37]} 14. Bxd4 {[%clk 1:12:19]} Ne7 {[%clk
0:57:27]} 15. Nd2 {[%clk 1:10:31]} O-O {[%clk 0:56:45]} 16. Bc5 {[%clk 1:08:16]}
Re8 {[%clk 0:54:44]} 17. Bxe7 {[%clk 1:07:06]} Qxe7 {[%clk 0:54:46]} 18. Rac1
{[%clk 1:05:47]} a5 {[%clk 0:49:01]} 19. f4 {[%clk 1:04:03]} Rac8 {[%clk
0:45:55]} 20. g3 {[%clk 1:01:31]} a4 {[%clk 0:44:10]} 21. Kh2 {[%clk 1:01:42]} a3
{[%clk 0:41:59]} 22. b3 {[%clk 1:01:55]} f6 {[%clk 0:39:49]} 23. Nf3 {[%clk
1:00:32]} fxe5 {[%clk 0:39:19]} 24. Nxe5 {[%clk 0:58:38]} Bxe5 {[%clk 0:37:41]}
25. Qxe5 {[%clk 0:57:14]} Rxc1 {[%clk 0:35:34]} 26. Rxc1 {[%clk 0:57:41]} Qb4
{[%clk 0:30:35]} 27. Qe2 {[%clk 0:47:17]} Kf7 {[%clk 0:27:45]} 28. Rc7+ {[%clk
0:47:05]} Re7 {[%clk 0:27:58]} 29. Rxe7+ {[%clk 0:46:23]} Kxe7 {[%clk 0:28:17]}
30. h4 {[%clk 0:45:07]} Qc3 {[%clk 0:27:34]} 31. Kh3 {[%clk 0:43:33]} Qb2 {[%clk
0:27:01]} 32. Qe5 {[%clk 0:42:44]} Qxa2 {[%clk 0:25:13]} 33. Qc7+ {[%clk
0:41:45]} Kf6 {[%clk 0:25:05]} 34. Qe5+ {[%clk 0:41:41]} Kf7 {[%clk 0:24:37]} 35.
Qc7+ {[%clk 0:41:42]} Kg8 {[%clk 0:21:40]} 36. Qd8+ {[%clk 0:41:49]} Kg7 {[%clk
0:20:31]} 1/2-1/2

[Event "Girls U12 Polish Youth Championship"]
[Site "chess24.com"]
[Date "2018.05.03"]
[Round "7"]
[White "Sobieraj, Wiktoria"]
[Black "Ziegert, Krystyna"]
[Result "1-0"]
[Board "26"]
[WhiteElo "1130"]
[WhiteCountry "POL"]
[WhiteFideId "21839107"]
[WhiteEloChange "6"]
[BlackElo "1001"]
[BlackCountry "POL"]
[BlackFideId "21861080"]
[BlackEloChange "-6"]

1. e4 {[%clk 1:30:58]} e5 {[%clk 1:30:57]} 2. d4 {[%clk 1:31:22]} exd4 {[%clk
1:31:11]} 3. Qxd4 {[%clk 1:31:41]} Nc6 {[%clk 1:29:57]} 4. Qe3 {[%clk 1:32:04]}
Nf6 {[%clk 1:30:17]} 5. Nc3 {[%clk 1:32:27]} Bb4 {[%clk 1:29:50]} 6. Bd2 {[%clk
1:32:51]} O-O {[%clk 1:29:45]} 7. O-O-O {[%clk 1:33:15]} Re8 {[%clk 1:29:28]} 8.
Bc4 {[%clk 1:33:39]} d6 {[%clk 1:29:19]} 9. h3 {[%clk 1:30:53]} Be6 {[%clk
1:26:23]} 10. Bxe6 {[%clk 1:30:44]} Rxe6 {[%clk 1:25:01]} 11. Nf3 {[%clk
1:27:14]} Qe7 {[%clk 1:22:55]} 12. Ng5 {[%clk 1:25:41]} Re5 {[%clk 1:22:41]} 13.
f4 {[%clk 1:25:12]} Ra5 {[%clk 1:18:15]} 14. a3 {[%clk 1:24:55]} Bc5 {[%clk
1:17:55]} 15. Qg3 {[%clk 1:23:42]} d5 {[%clk 1:17:13]} 16. Nxd5 {[%clk 1:21:29]}
Nxd5 {[%clk 1:16:46]} 17. exd5 {[%clk 1:21:33]} Ra6 {[%clk 1:16:34]} 18. dxc6
{[%clk 1:21:29]} Rxc6 {[%clk 1:15:32]} 19. Rhe1 {[%clk 1:20:07]} Qf6 {[%clk
1:14:58]} 20. Bc3 {[%clk 1:19:59]} Qh6 {[%clk 1:13:46]} 21. Rd7 {[%clk 1:15:23]}
Rf8 {[%clk 1:12:56]} 22. Red1 {[%clk 1:12:22]} Bd6 {[%clk 1:11:57]} 23. Ne6
{[%clk 1:07:26]} Bxf4+ {[%clk 1:11:14]} 24. Nxf4 {[%clk 1:07:32]} Rd6 {[%clk
1:09:39]} 25. R7xd6 {[%clk 1:07:47]} cxd6 {[%clk 1:09:57]} 26. Rxd6 {[%clk
1:07:49]} Qxd6 {[%clk 1:10:18]} 27. Qxg7# {[%clk 1:08:08]} 1-0